000 00659nam a22002657a 4500
005 20250529150754.0
008 230505b2015 |||||||| |||| 00| 0 spa d
020 _a9789586829984
020 _a9788494117350
041 _aESP
082 _a895.6 V422p
100 _aVega Esteban, Sergio
245 _aLas piedras de Chihaya 1: el hilo del karma
260 _aEspaña
260 _bQuaterni
260 _c2013
300 _a535 páginas
440 _aLas piedras de Chihaya
650 _aLITERATURA JAPONESA
650 _aNOVELA HISTÓRICA
650 _aNOVELA DE AVENTURA
650 _aSAMURÁIS
650 _aNINJAS
942 _cLIT
_2ddc
999 _c13554
_d13554